00506ntaaa2200181 45000030003000000050017000030080021000200400037000410820017000781000023000952450043001182500010001612600036001713000010002075000067002176500012002846500028002960120251027202255.00714s1973 ag 01  aAR-BaBNbspacAR-BaBNeaacrdRIC a270.6000 Ar7 aArtús, Wilfrido  aReformadores españoles del siglo XVI a1 ed. aBuenos Aires : bAurora, c1949 a131 p aReforma: las bases bíblicas de su polémica antirromanista areforma ahistoria eclesiástica